|
|
|
|
| LEADER |
00798nab a2200241 i 4500 |
| 001 |
publ22113 |
| 005 |
20210914155909.0 |
| 008 |
210817s2019 hu o 0|| zxx d |
| 022 |
|
|
|a 0133-5464
|
| 024 |
7 |
|
|a 30944169
|2 mtmt
|
| 040 |
|
|
|a SZTE Publicatio Repozitórium
|b hun
|
| 041 |
|
|
|a zxx
|
| 100 |
1 |
|
|a Hagymási Krisztina
|
| 245 |
1 |
0 |
|a Epehólyag-polypus a figyelem előterében
|h [elektronikus dokumentum] /
|c Hagymási Krisztina
|
| 260 |
|
|
|c 2019
|
| 300 |
|
|
|a 31-42
|
| 490 |
0 |
|
|a MAGYAR BELORVOSI ARCHIVUM
|v 72 No. 1
|
| 700 |
0 |
1 |
|a Rácz Gergely
|e aut
|
| 700 |
0 |
1 |
|a Jakab Zsuzsa
|e aut
|
| 700 |
0 |
1 |
|a Micsik Tamás
|e aut
|
| 700 |
0 |
1 |
|a Czakó László
|e aut
|
| 700 |
0 |
1 |
|a Tulassay Zsolt
|e aut
|
| 856 |
4 |
0 |
|u http://publicatio.bibl.u-szeged.hu/22113/1/Epeholyag-polypusafigyelemelotereben.pdf
|z Dokumentum-elérés
|